Hồ Chí Minh với văn nghệ sĩ văn nghệ sĩ với Hồ Chí Minh
Gồm 3 phần : Phần I: Nhật ký trong tù ; Phần II: Những bài thơ khác; Phần III: Thơ chút tết
Kaydedildi:
| Yazar: | |
|---|---|
| Materyal Türü: | Kitap |
| Dil: | Undetermined |
| Baskı/Yayın Bilgisi: |
Hà Nội
Hội nhà văn
2012
|
| Konular: | |
| Etiketler: |
Etiketle
Etiket eklenmemiş, İlk siz ekleyin!
|
| Thư viện lưu trữ: | Trung tâm Học liệu Trường Đại học Cần Thơ |
|---|
| LEADER | 00837nam a2200205Ia 4500 | ||
|---|---|---|---|
| 001 | CTU_180071 | ||
| 008 | 210402s9999 xx 000 0 und d | ||
| 082 | |a 959.704092 | ||
| 082 | |b H566/T.6 | ||
| 100 | |a Hữu Thỉnh | ||
| 245 | 0 | |a Hồ Chí Minh với văn nghệ sĩ văn nghệ sĩ với Hồ Chí Minh | |
| 245 | 0 | |c Hữu Thỉnh (Chủ biên), Phạm Trung Đỉnh, Trần Quang Quý | |
| 260 | |a Hà Nội | ||
| 260 | |b Hội nhà văn | ||
| 260 | |c 2012 | ||
| 520 | |a Gồm 3 phần : Phần I: Nhật ký trong tù ; Phần II: Những bài thơ khác; Phần III: Thơ chút tết | ||
| 650 | |a Ho chi minh,Communist parties,Đảng Cộng Sản | ||
| 650 | |x Biography | ||
| 904 | |i Phương, Như | ||
| 980 | |a Trung tâm Học liệu Trường Đại học Cần Thơ | ||